Central Library OPAC University of Rajshahi

A Handbook of Practical Auditing / (Record no. 19449)

MARC details
000 -LEADER
fixed length control field 00655nam a2200241 a 4500
001 - CONTROL NUMBER
control field 19449
003 - CONTROL NUMBER IDENTIFIER
rucl marc code BD-RjUL
005 - DATE AND TIME OF LATEST TRANSACTION
control field 20211209000432.0
008 - FIXED-LENGTH DATA ELEMENTS--GENERAL INFORMATION
fixed length control field 140224s1998 ii ||||| |||| 00| 0 eng d
020 ## - INTERNATIONAL STANDARD BOOK NUMBER
International Standard Book Number 9788121911443
International Standard Book Number 8121911443
035 ## - SYSTEM CONTROL NUMBER
System control number (BD-RjUL)19509
040 ## - CATALOGING SOURCE
Original cataloging agency BD-RjUL
Language of cataloging eng
Transcribing agency BD-RjUL
Modifying agency BD-RjUL
041 ## - LANGUAGE CODE
Language code of text/sound track or separate title eng
082 ## - DEWEY DECIMAL CLASSIFICATION NUMBER
Classification number 657.45
Author mark and year TAH 1998
Edition number 23
100 ## - MAIN ENTRY--PERSONAL NAME
Personal name Tandon, B N
9 (RLIN) 59765
245 ## - TITLE STATEMENT
Title A Handbook of Practical Auditing /
Statement of responsibility, etc. B N Tandon.
250 ## - EDITION STATEMENT
Edition statement 11th ed.
260 ## - PUBLICATION, DISTRIBUTION, ETC. (IMPRINT)
Place of publication, distribution, etc. New Delhi :
Name of publisher, distributor, etc. S Chand & Co Ltd.,
Date of publication, distribution, etc. 1998.
300 ## - PHYSICAL DESCRIPTION
Pagination xii, 787 p. :
Illustrations ill. ;
Size 22 cm.
650 ## - SUBJECT ADDED ENTRY--TOPICAL TERM
Topical term or geographic name as entry element Auditing
9 (RLIN) 116523
942 ## - ADDED ENTRY ELEMENTS (KOHA)
Source of classification or shelving scheme Dewey Decimal Classification
Koha item type Books
Holdings
Lost status Source of classification or shelving scheme Damaged status Not for loan Collection code Permanent Location Current Location Shelving location Date acquired Source of acquisition Cost, normal purchase price Total Checkouts Full call number Date last seen Date checked out Copy number Koha item type
  Dewey Decimal Classification     Non-fiction Central Library, University of Rajshahi Central Library, University of Rajshahi   06/09/2019 AHKUR PRAKASHAHI 108.00 11 657.45 TAH 1998 09/03/2022 24/02/2022 C-2 Books
  Dewey Decimal Classification     Non-fiction Central Library, University of Rajshahi Central Library, University of Rajshahi   28/06/1999 Aligarh Library, Dhaka 110.00 1 657.45 TAH 1998 04/04/2018 30/11/2017 C-3 Books